[Event "Weekend Felice Bosi A"]
[Site "Milano ITA"]
[Date "2007.10.21"]
[Round "3"]
[White "Bozzali, Ermanno"]
[Black "Sirletti, Sonia"]
[Result "1/2-1/2"]
[WhiteElo "2136"]
[BlackElo "1999"]
[PlyCount "104"]
[EventDate "2007.10.20"]

1. d4 Nf6 2. Nf3 e6 3. c4 Bb4+ 4. Nbd2 d5 5. e3 O-O 6. a3 Be7 7. Bd3 Nbd7 8.
O-O Re8 9. b4 c6 10. Bb2 a5 11. Qb3 Bd6 12. Ne5 Bc7 13. f4 Nxe5 14. fxe5 Ng4
15. Rad1 f5 16. cxd5 cxd5 17. Nf3 Bd7 18. h3 Nh6 19. b5 a4 20. Qc2 Bb6 21. Qe2
Qe7 22. Rc1 Rec8 23. Rxc8+ Rxc8 24. Rc1 Rxc1+ 25. Bxc1 Qe8 26. Bd2 Nf7 27. Bb4
Bd8 28. h4 Nh6 29. Qc2 Ng4 30. Qxa4 Nxe3 31. Qa8 h6 32. h5 Bxb5 33. Bxb5 Qxb5
34. Qxd8+ Kh7 35. Kf2 Ng4+ 36. Ke1 Qd3 37. Qe8 Qe3+ 38. Kd1 Nf2+ 39. Kc2 Qe4+
40. Kb3 Qd3+ 41. Bc3 Qd1+ 42. Ka2 Qc2+ 43. Bb2 Qc4+ 44. Kb1 Qf1+ 45. Bc1 Qd3+
46. Ka2 Qc2+ 47. Bb2 Qc4+ 48. Kb1 Qf1+ 49. Ne1 Qxe1+ 50. Ka2 Nd3 51. Qg6+ Kh8
52. Qxe6 Qf2 1/2-1/2

[Event "Weekend Felice Bosi A"]
[Site "Milano ITA"]
[Date "2007.10.21"]
[Round "3"]
[White "Crippa, Gabriele"]
[Black "Quaranta, Cristiano"]
[Result "0-1"]
[WhiteElo "2087"]
[BlackElo "2070"]
[PlyCount "64"]
[EventDate "2007.10.20"]

1. d4 e6 2. Bf4 c5 3. e3 Qb6 4. Nc3 d5 5. Na4 Qa5+ 6. c3 cxd4 7. exd4 Bd7 8.
Nc5 Bxc5 9. dxc5 Qxc5 10. Qg4 g6 11. Qg3 Nc6 12. b4 Qf8 13. b5 Nce7 14. Bd3 Qg7
15. Ne2 f6 16. f3 e5 17. Bd2 Bf5 18. Bb1 Bxb1 19. Rxb1 Nf5 20. Qf2 Qd7 21. g4
Nd6 22. Qg3 Nc4 23. Bc1 Ne7 24. Rb4 a5 25. Rb3 b6 26. a4 O-O-O 27. Qf2 Kb7 28.
Bh6 Nc8 29. Kd1 N8d6 30. Kc2 Qf7 31. Nc1 g5 32. h4 Qg6+ 0-1

[Event "Weekend Felice Bosi A"]
[Site "Milano ITA"]
[Date "2007.10.21"]
[Round "3"]
[White "Damia, Angelo"]
[Black "Astengo, Marcello"]
[Result "1-0"]
[WhiteElo "2266"]
[BlackElo "2024"]
[PlyCount "41"]
[EventDate "2007.10.20"]

1. e4 e6 2. d4 d5 3. Nc3 Nf6 4. e5 Nfd7 5. Qh5 c5 6. Nf3 cxd4 7. Nxd4 Qb6 8.
Nb3 Nc6 9. Bb5 Bb4 10. Bxc6 bxc6 11. O-O O-O 12. Be3 Qc7 13. f4 f6 14. Nd4 Bc5
15. Nxe6 Bxe3+ 16. Kh1 Qb8 17. Rf3 Qxb2 18. Re1 Bd2 19. Rg3 Qxc2 20. Rxg7+ Kh8
21. Ne4 1-0

[Event "Weekend Felice Bosi A"]
[Site "Milano ITA"]
[Date "2007.10.21"]
[Round "3"]
[White "Didoni, Renato"]
[Black "Brenco, Marco"]
[Result "0-1"]
[WhiteElo "2034"]
[BlackElo "2030"]
[PlyCount "92"]
[EventDate "2007.10.20"]

1. Nf3 c5 2. e4 Nc6 3. Nc3 d6 4. Be2 Nf6 5. O-O g6 6. Re1 Bg4 7. h3 Bxf3 8.
Bxf3 Bg7 9. Ne2 Ne5 10. Ng3 O-O 11. Be2 Qc7 12. c3 c4 13. Qc2 Nfd7 14. f4 Qc5+
15. Kh2 Nc6 16. b4 cxb3 17. axb3 b5 18. Ra2 Rfc8 19. Bg4 e6 20. Qb1 h5 21. b4
Qb6 22. Bf3 h4 23. Ne2 Ne7 24. Bb2 d5 25. d3 Rc7 26. Qd1 Rac8 27. Qd2 Bh6 28.
Qd1 Qd6 29. e5 Qb6 30. Qa1 Qe3 31. Bc1 Qxd3 32. Rxa7 Nf5 33. Rxc7 Rxc7 34. Qa5
Qc4 35. Qa8+ Kg7 36. Qd8 Qc6 37. Nd4 Qxc3 38. Nxf5+ gxf5 39. Qxh4 Qxb4 40. Rd1
Nxe5 41. Qd8 Nxf3+ 42. Kh1 Rxc1 43. Rxc1 Qxf4 44. Qc7 Qxc1+ 45. Qxc1 Bxc1 46.
gxf3 b4 0-1

[Event "Weekend Felice Bosi A"]
[Site "Milano ITA"]
[Date "2007.10.27"]
[Round "4"]
[White "Brenco, Marco"]
[Black "Astengo, Marcello"]
[Result "1-0"]
[WhiteElo "2030"]
[BlackElo "2024"]
[PlyCount "65"]
[EventDate "2007.10.20"]

1. e4 c6 2. d4 d5 3. e5 Bf5 4. Nc3 e6 5. g4 Bg6 6. Nge2 f6 7. Nf4 Bf7 8. h4
fxe5 9. dxe5 Nd7 10. Qe2 d4 11. Ne4 Qa5+ 12. Bd2 Qxe5 13. Nd3 Qc7 14. Ng5 e5
15. Nxf7 Kxf7 16. O-O-O Bd6 17. g5 Ne7 18. Qf3+ Kg8 19. Nb4 Nb6 20. Bh3 h6 21.
Be6+ Kh7 22. Qe4+ g6 23. h5 Rag8 24. Bxg8+ Kxg8 25. gxh6 c5 26. hxg6 cxb4 27.
h7+ Kf8 28. Qf3+ Ke8 29. Qf7+ Kd7 30. g7 d3 31. c3 bxc3 32. Bxc3 Ba3 33. Rxd3+
1-0

[Event "Weekend Felice Bosi A"]
[Site "Milano ITA"]
[Date "2007.10.27"]
[Round "4"]
[White "Quaranta, Cristiano"]
[Black "Didoni, Renato"]
[Result "1-0"]
[WhiteElo "2070"]
[BlackElo "2034"]
[PlyCount "131"]
[EventDate "2007.10.20"]

1. Nf3 Nf6 2. c4 d6 3. d4 c6 4. Nc3 Qc7 5. e4 Bg4 6. Be2 Nbd7 7. O-O e6 8. Be3
Be7 9. Rb1 O-O 10. Nd2 Bxe2 11. Qxe2 Rfe8 12. b4 a6 13. a4 Nf8 14. Rb2 Ng6 15.
Rc1 h5 16. h3 Rac8 17. f4 h4 18. c5 Nf8 19. cxd6 Bxd6 20. e5 Be7 21. exf6 Bxf6
22. Nde4 Be7 23. Ng5 Ng6 24. Qh5 Bxg5 25. Qxg5 Qd6 26. Ne4 Qd5 27. Qxd5 exd5
28. Nd6 Rxe3 29. Nxc8 Nxf4 30. Nd6 Re6 31. Rf1 g5 32. Nxb7 Ne2+ 33. Rxe2 Rxe2
34. Nc5 Rd2 35. Nxa6 Rxd4 36. b5 Rxa4 37. Nc7 cxb5 38. Nxd5 Rd4 39. Ne7+ Kf8
40. Nf5 Rd7 41. Rb1 Rd5 42. Ne3 Rc5 43. Kf2 f5 44. Rb2 Kf7 45. Nc2 Rc3 46. Nd4
Rc5 47. Rxb5 Rxb5 48. Nxb5 Kf6 49. Kf3 Ke5 50. Nc3 Kd4 51. Nb5+ Kd5 52. Nc7+
Ke5 53. Na6 Kd5 54. Ke3 Ke5 55. Nb4 Ke6 56. Kd4 Kf6 57. Nc2 g4 58. Ne1 Kg5 59.
Ke5 f4 60. Ke4 f3 61. Nxf3+ gxf3 62. gxf3 Kg6 63. Kf4 Kh6 64. Kg4 Kg6 65. Kxh4
Kf5 66. Kg3 1-0

[Event "Weekend Felice Bosi A"]
[Site "Milano ITA"]
[Date "2007.10.27"]
[Round "4"]
[White "Serio, Danilo"]
[Black "Zacco, Remo"]
[Result "1-0"]
[WhiteElo "2017"]
[BlackElo "1994"]
[PlyCount "83"]
[EventDate "2007.10.20"]

1. f4 d5 2. Nf3 Nf6 3. g3 c5 4. Bg2 Nc6 5. O-O e6 6. d3 Be7 7. Qe1 Qb6 8. e4
c4+ 9. Kh1 cxd3 10. cxd3 O-O 11. Qe2 Bd7 12. e5 Ne8 13. Na3 Nc7 14. Ne1 Nd4 15.
Qg4 Nf5 16. Bh3 Bc6 17. Qe2 d4+ 18. Kg1 Bxa3 19. Bxf5 exf5 20. bxa3 Nd5 21. Bd2
Qb2 22. Nf3 Nc3 23. Qe1 Nb5 24. Bb4 Qc2 25. Bxf8 Rxf8 26. e6 fxe6 27. Qxe6+ Kh8
28. Rae1 Nxa3 29. Qe7 Rc8 30. Qxa3 h6 31. Rf2 Qc3 32. Qxc3 dxc3 33. Nd4 Bd7 34.
Rc1 b5 35. Re2 b4 36. Re7 Rd8 37. Re5 g6 38. Rd5 a5 39. Rxa5 Be8 40. Nc2 Rxd3
41. Nxb4 Re3 42. Re5 1-0

[Event "Weekend Felice Bosi A"]
[Site "Milano ITA"]
[Date "2007.10.27"]
[Round "4"]
[White "Sirletti, Sonia"]
[Black "Crippa, Gabriele"]
[Result "0-1"]
[WhiteElo "1999"]
[BlackElo "2087"]
[PlyCount "66"]
[EventDate "2007.10.20"]

1. d4 d6 2. c4 Nf6 3. Nc3 Bf5 4. Nf3 h6 5. Qb3 Qc8 6. e3 Nbd7 7. Be2 c6 8. Nd2
e5 9. O-O Be7 10. f3 O-O 11. Nde4 Bg6 12. Bd3 Nxe4 13. Bxe4 f5 14. Bd3 Bf6 15.
Ne2 c5 16. Qc2 cxd4 17. exd4 exd4 18. Bxf5 Bxf5 19. Qxf5 Nc5 20. Qd5+ Qe6 21.
Qxe6+ Nxe6 22. Bd2 Rac8 23. Nf4 Nxf4 24. Bxf4 Rxc4 25. Bxd6 Rd8 26. Ba3 d3 27.
Rfd1 Bd4+ 28. Kf1 Be3 29. b3 Rc2 30. Bc1 Rf2+ 31. Ke1 d2+ 32. Bxd2 Rfxd2 33. g4
Bf2+ 0-1

[Event "Weekend Felice Bosi A"]
[Site "Milano ITA"]
[Date "2007.10.27"]
[Round "5"]
[White "Astengo, Marcello"]
[Black "Serio, Danilo"]
[Result "1-0"]
[WhiteElo "2024"]
[BlackElo "2017"]
[PlyCount "93"]
[EventDate "2007.10.20"]

1. d4 f5 2. e4 d6 3. Nc3 Nf6 4. Bd3 e5 5. Nf3 exd4 6. Nxd4 fxe4 7. Nxe4 Nxe4 8.
Bxe4 Qf6 9. O-O Be7 10. Qd3 Nd7 11. b4 Ne5 12. Qb3 Ng4 13. Nf3 Be6 14. Qb1 O-O
15. c4 Bxc4 16. Bxh7+ Kh8 17. Bg5 Qf7 18. Bg6 Qe6 19. Re1 Ne5 20. Nxe5 dxe5 21.
Bxe7 Qxe7 22. Re3 Rf4 23. Qb2 e4 24. Rae1 Bd5 25. g3 Qg5 26. Bxe4 Rd8 27. Bxd5
Rxd5 28. Re8+ Kh7 29. Qc2+ Rdf5 30. R1e2 Rxb4 31. R2e5 Rbf4 32. Rf8 Kg6 33.
Rfxf5 Rxf5 34. Qe4 Qc1+ 35. Kg2 Qc6 36. Qxc6+ bxc6 37. Rxf5 Kxf5 38. Kf3 c5 39.
Ke3 Ke5 40. Kd3 Kd5 41. f3 a5 42. Kc3 a4 43. h4 c6 44. h5 c4 45. g4 Ke5 46. g5
Kf5 47. f4 1-0

[Event "Weekend Felice Bosi A"]
[Site "Milano ITA"]
[Date "2007.10.27"]
[Round "5"]
[White "Crippa, Gabriele"]
[Black "Brenco, Marco"]
[Result "1-0"]
[WhiteElo "2087"]
[BlackElo "2030"]
[PlyCount "105"]
[EventDate "2007.10.20"]

1. d4 Nf6 2. Nf3 c5 3. e3 e6 4. a3 b6 5. c3 Bb7 6. Bd3 Be7 7. O-O O-O 8. Nbd2
d5 9. Ne5 Nbd7 10. f4 Ne4 11. Qa4 Nxe5 12. dxe5 f5 13. exf6 Nxf6 14. e4 c4 15.
Be2 a6 16. e5 b5 17. Qc2 d4 18. cxd4 Qxd4+ 19. Kh1 Ne4 20. Nf3 Nf2+ 21. Kg1
Bxf3 22. Bxf3 Nd3+ 23. Kh1 Rad8 24. g3 Bc5 25. Qe2 g6 26. Kg2 h5 27. h4 Kg7 28.
Be4 Nxc1 29. Raxc1 Qd2 30. Rc2 Qxe2+ 31. Rxe2 Rf7 32. Rc1 Rfd7 33. Rcc2 Rd3 34.
Bb7 a5 35. Ba6 Rb8 36. a4 b4 37. Bxc4 Rd1 38. Bxe6 Bb6 39. Red2 Rd8 40. Rxd8
Rxd8 41. Bc4 Kf8 42. b3 Ke7 43. Kf3 Rd1 44. Rg2 Bd4 45. g4 Rg1 46. Rxg1 Bxg1
47. gxh5 gxh5 48. f5 Bh2 49. f6+ Kf8 50. Ke4 Bg3 51. Kf5 Bxh4 52. e6 Bf2 53.
e7+ 1-0

[Event "Weekend Felice Bosi A"]
[Site "Milano ITA"]
[Date "2007.10.27"]
[Round "5"]
[White "Damia, Angelo"]
[Black "Quaranta, Cristiano"]
[Result "1-0"]
[WhiteElo "2266"]
[BlackElo "2070"]
[PlyCount "37"]
[EventDate "2007.10.20"]

1. e4 e6 2. d4 d5 3. Nc3 Nc6 4. Bb5 Bd7 5. exd5 exd5 6. Nxd5 Be6 7. Ne3 a6 8.
Bxc6+ bxc6 9. Nf3 Bd6 10. O-O g5 11. d5 cxd5 12. Qd4 Nf6 13. Nxg5 Rg8 14. Nxe6
fxe6 15. Qh4 Qe7 16. Re1 Qg7 17. Qh3 Qf7 18. Nf5 Bf8 19. Nd4 1-0

[Event "Weekend Felice Bosi A"]
[Site "Milano ITA"]
[Date "2007.10.27"]
[Round "5"]
[White "Didoni, Renato"]
[Black "Bozzali, Ermanno"]
[Result "0-1"]
[WhiteElo "2034"]
[BlackElo "2136"]
[PlyCount "78"]
[EventDate "2007.10.20"]

1. Nf3 c5 2. e4 d6 3. Nc3 a6 4. a3 Nc6 5. d4 cxd4 6. Nxd4 Nf6 7. Bc4 e6 8. O-O
Be7 9. Nxc6 bxc6 10. Qf3 e5 11. h3 Be6 12. Bd3 d5 13. Qg3 d4 14. Nd1 Qd6 15. b3
Nh5 16. Qh2 Nf4 17. Bxf4 exf4 18. Nb2 g5 19. Nc4 Qc7 20. f3 h5 21. Be2 d3 22.
cxd3 Bc5+ 23. Kh1 Bxc4 24. dxc4 h4 25. b4 Be3 26. Rad1 Rd8 27. Bd3 Qe5 28. Rfe1
Bd4 29. Bf1 Bf2 30. Rxd8+ Kxd8 31. Re2 Bd4 32. Rc2 Kc7 33. b5 c5 34. g4 hxg3
35. Qd2 Qe6 36. Qg2 a5 37. a4 g4 38. fxg4 Qxg4 39. b6+ Kb8 0-1

[Event "Weekend Felice Bosi A"]
[Site "Milano ITA"]
[Date "2007.10.27"]
[Round "5"]
[White "Zacco, Remo"]
[Black "Sirletti, Sonia"]
[Result "1-0"]
[WhiteElo "1994"]
[BlackElo "1999"]
[PlyCount "45"]
[EventDate "2007.10.20"]

1. c4 Nf6 2. Nc3 e6 3. Nf3 d5 4. d4 Be7 5. g3 O-O 6. cxd5 exd5 7. Bg2 h6 8. O-O
c6 9. Ne5 Be6 10. h3 Nbd7 11. Kh2 Nxe5 12. dxe5 Nd7 13. f4 f5 14. e3 Nc5 15.
Ne2 Qe8 16. Nd4 g5 17. b4 Ne4 18. Nxe6 Rf7 19. Nc7 Qf8 20. Nxa8 Bxb4 21. Qb3
Kh8 22. Bxe4 dxe4 23. e6 1-0

[Event "Weekend Felice Bosi A"]
[Site "Milano ITA"]
[Date "2007.10.28"]
[Round "6"]
[White "Brenco, Marco"]
[Black "Bozzali, Ermanno"]
[Result "1/2-1/2"]
[WhiteElo "2030"]
[BlackElo "2136"]
[PlyCount "53"]
[EventDate "2007.10.20"]

1. e4 e5 2. Nc3 Nf6 3. f4 d6 4. Nf3 exf4 5. d4 Be7 6. Bxf4 O-O 7. Bd3 Nh5 8.
Be3 Bg4 9. O-O Nc6 10. Nd5 Nf6 11. c4 Re8 12. Qe1 Bh5 13. Nf4 Bg6 14. Nxg6 hxg6
15. Ng5 Qd7 16. h3 Rf8 17. Qh4 Nh5 18. g4 f6 19. gxh5 fxg5 20. Bxg5 Bxg5 21.
Qxg5 Qxh3 22. hxg6 Nxd4 23. Qd5+ Ne6 24. Rf5 Qg3+ 25. Kh1 Qh3+ 26. Kg1 Qg3+ 27.
Kh1 1/2-1/2

[Event "Weekend Felice Bosi A"]
[Site "Milano ITA"]
[Date "2007.10.28"]
[Round "6"]
[White "Quaranta, Cristiano"]
[Black "Serio, Danilo"]
[Result "1-0"]
[WhiteElo "2070"]
[BlackElo "2017"]
[PlyCount "101"]
[EventDate "2007.10.20"]

1. d4 f5 2. h3 d5 3. Nf3 Nc6 4. Bf4 e6 5. e3 Bd6 6. c3 Bxf4 7. exf4 Nf6 8. Ne5
Bd7 9. Nd2 Qe7 10. Ndf3 O-O-O 11. a4 Nxe5 12. Nxe5 Be8 13. a5 a6 14. Bd3 Qd6
15. Qe2 Ne4 16. Rc1 c5 17. b3 Kb8 18. O-O g5 19. fxg5 Nxg5 20. dxc5 Qxc5 21. b4
Qc7 22. c4 Rg8 23. f4 Nxh3+ 24. Kh1 Nxf4 25. Rxf4 Qg7 26. Rff1 Bh5 27. Nf3 dxc4
28. Bxc4 Qh6 29. Kg1 Bf7 30. Rcd1 Rc8 31. b5 Rg4 32. Bd3 Rcg8 33. Qe5+ Ka8 34.
Rf2 axb5 35. Qxb5 Qe3 36. Bf1 Qa7 37. a6 bxa6 38. Qc6+ Qb7 39. Qxb7+ Kxb7 40.
Rd7+ Kb6 41. Rxf7 h5 42. Rb2+ Kc5 43. Rh7 Rf4 44. Rc2+ Kd6 45. Ne1 a5 46. Rxh5
a4 47. Rh3 e5 48. Rd3+ Ke7 49. Rd5 e4 50. Ra5 e3 51. Re5+ 1-0

[Event "Weekend Felice Bosi A"]
[Site "Milano ITA"]
[Date "2007.10.28"]
[Round "6"]
[White "Sirletti, Sonia"]
[Black "Didoni, Renato"]
[Result "1-0"]
[WhiteElo "1999"]
[BlackElo "2034"]
[PlyCount "81"]
[EventDate "2007.10.20"]

1. d4 Nf6 2. c4 c6 3. Nc3 d5 4. e3 g6 5. Nf3 Bg7 6. Bd3 O-O 7. O-O Nbd7 8. h3
Nb6 9. cxd5 Nbxd5 10. a3 e6 11. e4 Nxc3 12. bxc3 Qc7 13. Bg5 h6 14. Be3 b6 15.
Qd2 Kh7 16. e5 Nd5 17. h4 Bd7 18. h5 Rad8 19. Nh2 Ne7 20. Ng4 Ng8 21. f4 Be8
22. Rf3 f5 23. exf6 Nxf6 24. hxg6+ Bxg6 25. Bxg6+ Kxg6 26. Qc2+ Kf7 27. Ne5+
Kg8 28. Qg6 Ne8 29. Ng4 Kh8 30. Rh3 Qf7 31. Qxf7 Rxf7 32. Nxh6 Bxh6 33. Rxh6+
Kg7 34. Rxe6 c5 35. dxc5 bxc5 36. Re1 Nc7 37. Re5 Nb5 38. Rxc5 Nxa3 39. Bd4+
Kg6 40. Re6+ Kh7 41. Rh5+ 1-0

[Event "Weekend Felice Bosi A"]
[Site "Milano ITA"]
[Date "2007.10.28"]
[Round "6"]
[White "Zacco, Remo"]
[Black "Astengo, Marcello"]
[Result "0-1"]
[WhiteElo "1994"]
[BlackElo "2024"]
[PlyCount "60"]
[EventDate "2007.10.20"]

1. e4 e6 2. d4 d5 3. Nc3 Nf6 4. Bg5 Bb4 5. e5 h6 6. Bd2 Bxc3 7. Bxc3 Ne4 8. Bb4
c5 9. dxc5 Nxf2 10. Bb5+ Bd7 11. Bxd7+ Nxd7 12. Qd4 Nxh1 13. Nf3 Qc7 14. c4
dxc4 15. O-O-O Rc8 16. c6 Qxc6 17. Rxh1 Nc5 18. Bc3 b5 19. Qg4 O-O 20. Nd4 Qd5
21. Rf1 b4 22. Bd2 Nd3+ 23. Kb1 Nxe5 24. Qh4 Qxg2 25. Qe1 Nd3 26. Qd1 Nxb2 27.
Qe1 c3 28. Bc1 Nd3 29. Qd1 c2+ 30. Nxc2 Nxc1 0-1

[Event "Weekend Felice Bosi A"]
[Site "Milano ITA"]
[Date "2007.10.28"]
[Round "7"]
[White "Astengo, Marcello"]
[Black "Quaranta, Cristiano"]
[Result "1/2-1/2"]
[WhiteElo "2024"]
[BlackElo "2070"]
[PlyCount "50"]
[EventDate "2007.10.20"]

1. d4 d5 2. c4 e6 3. Nc3 c6 4. e3 Nf6 5. Nf3 Nbd7 6. Bd3 a6 7. O-O dxc4 8. Bxc4
b5 9. Bb3 c5 10. Qe2 Bb7 11. Rd1 Qb8 12. d5 c4 13. dxe6 fxe6 14. Bc2 Bd6 15. e4
O-O 16. Bg5 Bf4 17. Bh4 Ne5 18. Nd4 Ng6 19. g3 e5 20. Ne6 Re8 21. Nxg7 Kxg7 22.
Bxf6+ Kxf6 23. gxf4 Nxf4 24. Qe3 Qc7 25. Nd5+ Bxd5 1/2-1/2

[Event "Weekend Felice Bosi A"]
[Site "Milano ITA"]
[Date "2007.10.28"]
[Round "7"]
[White "Bozzali, Ermanno"]
[Black "Crippa, Gabriele"]
[Result "1/2-1/2"]
[WhiteElo "2136"]
[BlackElo "2087"]
[PlyCount "25"]
[EventDate "2007.10.20"]

1. e4 e5 2. Nf3 d6 3. Bc4 Be7 4. d4 exd4 5. Nxd4 Nf6 6. Nc3 O-O 7. O-O Nxe4 8.
Nxe4 d5 9. Bd3 dxe4 10. Bxe4 Nd7 11. Bf4 Nf6 12. Bf3 Bd6 13. Bxd6 1/2-1/2

[Event "Weekend Felice Bosi A"]
[Site "Milano ITA"]
[Date "2007.10.28"]
[Round "7"]
[White "Brenco, Marco"]
[Black "Zacco, Remo"]
[Result "1-0"]
[WhiteElo "2030"]
[BlackElo "1994"]
[PlyCount "49"]
[EventDate "2007.10.20"]

1. e4 d6 2. d4 g6 3. Nc3 Bg7 4. Nf3 Nd7 5. Bc4 e6 6. Be3 a6 7. a4 b6 8. O-O Bb7
9. Ng5 h6 10. Nh3 Ngf6 11. Qe2 e5 12. f4 exd4 13. Bxd4 O-O 14. Nf2 Nc5 15. Rad1
Qe7 16. b4 Ne6 17. Nd5 Qd8 18. Bxf6 Bxf6 19. Ng4 Bg7 20. f5 gxf5 21. exf5 Nd4
22. Qf2 c5 23. f6 Qd7 24. Ne7+ Kh7 25. Bd3+ 1-0

[Event "Weekend Felice Bosi A"]
[Site "Milano ITA"]
[Date "2007.10.28"]
[Round "7"]
[White "Damia, Angelo"]
[Black "Sirletti, Sonia"]
[Result "1-0"]
[WhiteElo "2266"]
[BlackElo "1999"]
[PlyCount "87"]
[EventDate "2007.10.20"]

1. e4 d5 2. exd5 Qxd5 3. Nc3 Qd6 4. Nf3 Nf6 5. Be2 Bg4 6. h3 Bh5 7. d3 Nc6 8.
O-O a6 9. Bg5 O-O-O 10. Qc1 Bg6 11. Bf4 e5 12. Bh2 Nd5 13. Nxe5 Nxe5 14. d4 Nb4
15. dxe5 Qd2 16. Rd1 Qxc1 17. Raxc1 Be7 18. a3 Nxc2 19. Nd5 Rhe8 20. Nxe7+ Rxe7
21. Bg4+ Re6 22. Bxe6+ fxe6 23. Rxd8+ Kxd8 24. Rd1+ Kc8 25. Bf4 h6 26. Kf1 c5
27. Rd6 Bf7 28. Be3 Nxe3+ 29. fxe3 Kc7 30. a4 Be8 31. Rxe6 Kd7 32. Rd6+ Ke7 33.
a5 Bc6 34. g4 Be4 35. Ke2 Bc6 36. Kd3 Bg2 37. h4 Bf1+ 38. Kc3 Be2 39. g5 hxg5
40. hxg5 Bb5 41. Rb6 Bc6 42. Kc4 Ke6 43. Kxc5 Kxe5 44. Rxc6 1-0

[Event "Weekend Felice Bosi A"]
[Site "Milano ITA"]
[Date "2007.10.28"]
[Round "7"]
[White "Serio, Danilo"]
[Black "Didoni, Renato"]
[Result "1-0"]
[WhiteElo "2017"]
[BlackElo "2034"]
[PlyCount "57"]
[EventDate "2007.10.20"]

1. f4 Nc6 2. Nf3 Nf6 3. g3 d6 4. Bg2 g6 5. O-O Bg7 6. d3 O-O 7. e4 Nh5 8. c3
Bg4 9. Qb3 Rb8 10. Be3 Qd7 11. Nbd2 b5 12. Qc2 a5 13. d4 Rfe8 14. f5 gxf5 15.
h3 Bxf3 16. Rxf3 fxe4 17. Nxe4 Nf6 18. Ng5 h6 19. Ne4 Nxe4 20. Qxe4 d5 21. Qh4
Qd6 22. Raf1 Rf8 23. Rf5 e6 24. Rf6 Qd8 25. Bxh6 Bxf6 26. Rxf6 Ne7 27. Qg5+ Ng6
28. Rxg6+ Kh8 29. Bg7+ 1-0

[Event "X Weekend"]
[Site "Cavarzere ITA"]
[Date "2007.10.27"]
[Round "5"]
[White "Omeri, Silvan"]
[Black "Luciani, Valerio"]
[Result "0-1"]
[WhiteElo "2181"]
[BlackElo "2236"]
[PlyCount "108"]
[EventDate "2007.10.20"]

1. e4 e6 2. d4 d5 3. e5 c5 4. Nf3 cxd4 5. Nxd4 Nc6 6. Bb5 Bd7 7. Bxc6 bxc6 8.
O-O c5 9. Nb3 Rb8 10. Re1 Qc7 11. N1d2 a5 12. a4 Rb4 13. c3 Rxa4 14. Rxa4 Bxa4
15. Qg4 Bd7 16. Nf3 Ne7 17. h4 h5 18. Qf4 Nf5 19. Ng5 Be7 20. g3 Qb6 21. Nd2
Qc6 22. Nf1 Qa4 23. Qf3 Bc6 24. Nd2 g6 25. b3 Qb5 26. Qf4 Qd3 27. c4 O-O 28. g4
hxg4 29. Qxg4 Qd4 30. Qxd4 cxd4 31. Ndf3 dxc4 32. bxc4 Rb8 33. Kh2 Rb1 34. Nd2
Rb7 35. Nge4 Bxe4 36. Nxe4 Nxh4 37. Kg3 Nf5+ 38. Kf4 Rb3 39. c5 g5+ 40. Nxg5
Bxc5 41. Rg1 Kf8 42. Nh7+ Ke7 43. Rg8 Kd7 44. Ra8 Bb4 45. Ke4 d3 46. Bg5 d2 47.
Nf6+ Kc7 48. Ne8+ Kb7 49. Rd8 Rb2 50. Rd3 Kc6 51. Bf4 a4 52. Nd6 Nxd6+ 53. exd6
Kd7 54. Ke3 Rb3 0-1

[Event "X Weekend"]
[Site "Cavarzere ITA"]
[Date "2007.10.27"]
[Round "5"]
[White "Rossi, Gianni"]
[Black "Marin, Alessandro"]
[Result "1-0"]
[WhiteElo "2067"]
[BlackElo "1766"]
[PlyCount "41"]
[EventDate "2007.10.20"]

1. d4 d5 2. e4 dxe4 3. Nc3 Bf5 4. f3 Nf6 5. fxe4 Nxe4 6. Qf3 Nd6 7. Bf4 Qc8 8.
Bxd6 cxd6 9. Bb5+ Bd7 10. Nh3 Bxb5 11. Nxb5 Nd7 12. O-O Nf6 13. Rae1 e6 14. Ng5
Qd7 15. Nxe6 fxe6 16. Rxe6+ Kf7 17. Rxf6+ gxf6 18. Qxf6+ Ke8 19. Re1+ Be7 20.
Qxh8+ Kf7 21. Qxh7+ 1-0

[Event "XIX Festival A"]
[Site "Arco ITA"]
[Date "2007.10.20"]
[Round "1"]
[White "Aagaard, Jacob"]
[Black "Perich, Stefano"]
[Result "1-0"]
[WhiteElo "2535"]
[BlackElo "1995"]
[PlyCount "75"]
[EventDate "2007.10.20"]

1. d4 d5 2. Bf4 Nf6 3. e3 e6 4. c3 Bd6 5. Bg3 b6 6. Nd2 O-O 7. Ngf3 Ba6 8. c4
Ne4 9. Qb3 Nxd2 10. Nxd2 dxc4 11. Nxc4 Bxg3 12. hxg3 Qd5 13. g4 g6 14. Rc1 c5
15. dxc5 Qxc5 16. Rc3 Rd8 17. f4 Qe7 18. Ne5 Bxf1 19. Kxf1 f6 20. Nf3 Nd7 21.
Qc2 Nf8 22. Kf2 Rd7 23. Rd1 Rxd1 24. Qxd1 Rd8 25. Qc2 h6 26. a3 Qd6 27. Rc6 Qd5
28. Rc4 Qd3 29. Qxd3 Rxd3 30. Ke2 Rd7 31. Rc8 g5 32. g3 Kf7 33. Nd4 Ng6 34. f5
exf5 35. gxf5 Ne7 36. Ra8 Rb7 37. Ne6 Nc6 38. Rc8 1-0

[Event "XIX Festival A"]
[Site "Arco ITA"]
[Date "2007.10.20"]
[Round "1"]
[White "Acunzo, Domenico"]
[Black "Vink, Wim"]
[Result "0-1"]
[WhiteElo "1775"]
[BlackElo "2084"]
[PlyCount "66"]
[EventDate "2007.10.20"]

1. e4 e5 2. f4 exf4 3. Nf3 h6 4. b3 d6 5. d3 Qf6 6. d4 g5 7. Bb2 Bg7 8. e5 Qe7
9. Qe2 Bg4 10. exd6 cxd6 11. Qxe7+ Nxe7 12. Nbd2 Nbc6 13. O-O-O O-O-O 14. h3
Bh5 15. Kb1 Nf5 16. d5 Ne5 17. Re1 Rhe8 18. Nd4 Ne3 19. Nc4 N5xc4 20. bxc4 Bg6
21. Re2 Re4 22. Rd2 Nxf1 23. Rxf1 a6 24. Bc3 Rde8 25. Kb2 Kd7 26. Kb3 Re3 27.
Rf3 Rxf3 28. Nxf3 Re3 29. Nd4 Rg3 30. a4 Bxd4 31. Rxd4 Rxg2 32. Bd2 f3 33. Kb4
f2 0-1

[Event "XIX Festival A"]
[Site "Arco ITA"]
[Date "2007.10.20"]
[Round "1"]
[White "Ben Houidi, Lassaad"]
[Black "Burani, Eugenio"]
[Result "0-1"]
[WhiteElo "1599"]
[BlackElo "2017"]
[PlyCount "35"]
[EventDate "2007.10.20"]

1. e4 c5 2. d4 cxd4 3. c3 Nf6 4. e5 Nd5 5. cxd4 d6 6. exd6 Qxd6 7. Nf3 Nc6 8.
Nc3 Bg4 9. Be2 g6 10. O-O Bg7 11. Be3 O-O 12. Qd2 Nxe3 13. fxe3 Rad8 14. Rad1
Bh6 15. a3 Qe6 16. Kf2 Bxf3 17. Bxf3 Nxd4 18. Rfe1 0-1

[Event "XIX Festival A"]
[Site "Arco ITA"]
[Date "2007.10.20"]
[Round "1"]
[White "Bernardi, Ruben"]
[Black "Ferrari, Michele"]
[Result "1-0"]
[WhiteElo "2107"]
[BlackElo "1819"]
[PlyCount "45"]
[EventDate "2007.10.20"]

1. e4 c6 2. d3 d5 3. Nd2 dxe4 4. dxe4 e5 5. Bc4 Bc5 6. Ngf3 Nd7 7. Nb3 Be7 8.
a4 Ngf6 9. Qe2 Qc7 10. O-O O-O 11. Bd2 a5 12. h3 Bb4 13. Bg5 Be7 14. Bh4 Nb6
15. Bd3 Nh5 16. Bg3 Nxg3 17. fxg3 Be6 18. Nbd2 Nd7 19. Kh1 Nc5 20. Bc4 Bxc4 21.
Nxc4 f6 22. Ne3 Nxe4 23. Qc4+ 1-0

[Event "XIX Festival A"]
[Site "Arco ITA"]
[Date "2007.10.20"]
[Round "1"]
[White "Bonade', Massimo"]
[Black "Niccoli, Paolo"]
[Result "1-0"]
[WhiteElo "2168"]
[BlackElo "1861"]
[PlyCount "27"]
[EventDate "2007.10.20"]

1. d4 d5 2. c4 c6 3. Nf3 Nf6 4. Nc3 dxc4 5. a4 Bf5 6. e3 e6 7. Bxc4 Bb4 8. O-O
Nbd7 9. Qe2 O-O 10. e4 Bxc3 11. exf5 Bb4 12. fxe6 fxe6 13. Qxe6+ Kh8 14. Ng5
1-0

[Event "XIX Festival A"]
[Site "Arco ITA"]
[Date "2007.10.20"]
[Round "1"]
[White "Brunner, Stefan"]
[Black "Panican, Gheorghe"]
[Result "0-1"]
[WhiteElo "1800"]
[BlackElo "2104"]
[PlyCount "52"]
[EventDate "2007.10.20"]

1. e4 c5 2. Nf3 d6 3. d4 cxd4 4. Nxd4 Nf6 5. Nc3 a6 6. Bg5 Bd7 7. Bd3 Nc6 8.
Nxc6 bxc6 9. Bxf6 gxf6 10. Bc4 e6 11. O-O Be7 12. a3 h5 13. Re1 h4 14. h3 Kf8
15. b4 d5 16. Bf1 Qc7 17. Na4 a5 18. Nc5 Be8 19. c3 Qf4 20. Qd3 Bd6 21. g3 hxg3
22. fxg3 Qxg3+ 23. Qxg3 Bxg3 24. Red1 Rg8 25. Kh1 Be5 26. Rab1 axb4 0-1

[Event "XIX Festival A"]
[Site "Arco ITA"]
[Date "2007.10.20"]
[Round "1"]
[White "Buck, Klaus-Michael"]
[Black "Cardili, Mariano"]
[Result "0-1"]
[WhiteElo "1784"]
[BlackElo "2100"]
[PlyCount "64"]
[EventDate "2007.10.20"]

1. b4 d5 2. Bb2 Nf6 3. Nf3 Bf5 4. e3 e6 5. b5 Be7 6. c4 O-O 7. Nc3 c5 8. Qb3 h6
9. Be2 dxc4 10. Bxc4 Nbd7 11. d4 cxd4 12. Nxd4 Nc5 13. Qd1 Bg4 14. f3 Bh5 15.
Nb3 Qb6 16. Qe2 Rac8 17. Kf2 Nce4+ 18. Kf1 Nc5 19. g4 Bg6 20. e4 Nfd7 21. Rc1
Bg5 22. Rc2 Kh8 23. h4 Bf4 24. Bc1 Bxc1 25. Rxc1 Ne5 26. Nd2 h5 27. g5 f5 28.
f4 fxe4 29. Kg2 Ncd3 30. Bxd3 Nxd3 31. Kg3 Nxf4 32. Qh2 Qe3+ 0-1